000 00316nam a22001217a 4500
008 160503b xxu||||| |||| 00| 0 eng d
020 _a9780071712972
020 _a0071712976
041 _aeng
080 _a61
245 _a\First aid usmele step:
_cTao Le Md Mhs; Vikas Bhusha; Herman Singh Bagga;
942 _2udc
_cBK
999 _c1740
_d1740